000 00405nam a22001817a 4500
003 MPLRDC
005 20220104144819.0
008 210129b ||||| |||| 00| 0 eng d
082 _a857.7 HDXL v.601
100 _a木堇著
245 _a情无涯
_c
250 _a初版
260 _a
_b狗屋
_c2002
300 _b
490 _a花蝶系列; 601
650 _a
942 _cBK
_o857.7 HDXL v.601
999 _c50985
_d50975